| 000 | 00759nam a22002417a 4500 | ||
|---|---|---|---|
| 999 |
_c327616 _d327616 |
||
| 001 | 41476 | ||
| 003 | UA-OsUOA | ||
| 005 | 20200322224146.0 | ||
| 007 | ta | ||
| 008 | 20060927b un ||||| |||| 00| 0 ukr d | ||
| 020 | _a5756704051 | ||
| 040 |
_aUA-OsUOA _brus _cUA-OsUOA _dUA-OsUOA |
||
| 041 | _arus | ||
| 080 | _a659.1:339.138 | ||
| 090 |
_a659.1:339.138 _bР83 |
||
| 100 | _aРудая Е. А. | ||
| 245 |
_aОсновы бренд-менеджмента _bучеб. пос. |
||
| 260 |
_aМ. _bАспект Пресс _c2006 |
||
| 300 | _a256 с. | ||
| 650 | 7 |
_a659 Реклама. Система інформації. Громадська інформація та реклама (Паблик-Рилейшнз) _2UDC |
|
| 942 |
_cBK _2udc |
||
| 955 | _a2 | ||